Europäische Geschichte nach Buchstaben - M - Statistiken

Allgemein
  • Dieses Quiz wurde 59 mal gespielt
  • Das Durchschnittsergebnis liegt bei 10 aus 20
Antwortstatistiken
Hinweis Antwort % Korrekt
In dieser Stadt fand 1923 der gescheiterte Bierkeller-Putsch statt, bei dem Adolf Hitler die Macht übernehmen wollte München
94%
Philosoph und Ökonom aus Trier, der als wichtigster Theoretiker des Kommunismus gilt Karl Marx
92%
Diese Stadt war die wichtigste Stadt des Lombardischen Bundes, welcher sich der Macht der Stauferkaiser widersetzte Mailand
92%
Diese Inselgruppe im Mittelmeer war im Besitz des Johanniterordens und später britische Kolonie Malta
92%
Als Napoleon 1812 diese Metropole einnahm, war sie verlassen und wurde von Saboteuren in Brand gesteckt Moskau
84%
Revolution in Deutschland im Zuge des "Frühlings der Völker", einer Reihe von Revolutionen im Jahr 1848 Märzrevolution
66%
Bei diesem griechischen Ort wurde 490 v. Chr. eine persische Armee von Athen besiegt, was durch einen legendären Laufboten verkündet wurde Marathon
64%
Bezeichnung für die muslimischen Bewohner der Iberischen Halbinsel im Mittelalter Mauren
64%
Königsgeschlecht des Frankenreichs, die ab Chlodwig Christen waren und vor den Karolingern abgesetzt wurden Merowinger
64%
Österreichische Kaiserin und Vertreterin des aufgeklärten Absolutismus, die den Österreichischen Erbfolgekrieg bestehen musste Maria Theresia
52%
Auf diesem Platz in Kiew fanden 2013 bis 2014 große Proteste statt, welche zur Absetzung der Regierung Janukowytsch und der Annäherung an die EU führten Majdan
48%
Dieser Habsburgerkaiser, der zum Herzog von Burgund wurde trägt den Spitznamen "Der letzte Ritter" und "Vater der Landsknechte" Maximilian
42%
Bronzezeitliche Hochkultur auf Kreta, die die Palastanlage Knossos erbaute Minoer
38%
An diesem Fluss in Frankreich konnte der deutsche Vorstoß zu Beginn des Ersten Weltkrieges aufgehalten werden und der Krieg entwickelte sich zum Stellungskrieg Marne
36%
Sitz der Hochmeister des Deutschen Ordens in Preußen, größte Burg Europas Marienburg
24%
Dieser römische Kaiser gilt durch seine Meditationen auch als wichtiger Philosoph der Stoa Mark Aurel
22%
Sozialdemokratische Partei der Russischen Revolution, die sich gegen die kommunistischen Bolschewiki nicht durchsetzen konnte Menschewiki
16%
Diese nach einer antiken Stadt auf der Peleponnes benannte Kultur gilt als erste bronzezeitliche Hochkultur des Europäischen Festlands Mykene
16%
Kunstepoche zwischen 1520 und 1620 mit Betonung des individuellen Stils (Tintoretto, Arcimboldo, El Greco, Cervantes) Manierismus
10%
Statthalter der Niederlande im 80-Jährigen Krieg und wichtiger Militärreformer Moritz von Nassau
10%
Keine übereinstimmenden Quizze gefunden
Verteilung der Resultate
Anzahl Personen mit jedem Resultat
Perzentil nach korrekt beantworteten Fragen
Ihre Resultats-Entwicklung
Sie haben dieses Quiz noch nicht gespielt